| 000 | 00674nam a2200217Ia 4500 | ||
|---|---|---|---|
| 005 | 20220912150435.0 | ||
| 008 | 131103s9999 xx 000 0 und d | ||
| 010 | _a674399455 | ||
| 040 | _aLoreto College | ||
| 041 | _aEnglish | ||
| 082 |
_a821.809 _bPER |
||
| 100 | _aPerkins,David | ||
| 245 | 2 |
_aA history of modern poetry _bFrom the 1890's to the high modernist mode _cDavid Perkins |
|
| 260 |
_aCambridge _bThe Belknap Press Of Harvard University Press _c1979 |
||
| 300 | _axv,623 p. | ||
| 504 | _aIncludes index and bibliographical references | ||
| 650 | _aEnglish Literature | ||
| 651 | _aPoetry - 19th Century - Criticism | ||
| 850 | _aLCLIB | ||
| 942 | _cBK | ||
| 999 |
_c13257 _d63736 |
||